[Event "Florianopolis op 10th"]
[Site "Florianopolis"]
[Date "2024.01.24"]
[Round "6"]
[White "Szuba, Joao Gabriel Muniz"]
[Black "Rekik, Ismail"]
[Result "0-1"]
[WhiteElo "1709"]
[BlackElo "1919"]
[PlyCount "71"]
[EventDate "2024.01.20"]
[EventType "swiss"]
[EventRounds "10"]
[EventCountry "BRA"]
[SourceTitle "CB05_2024"]
[SourceDate "2024.01.31"]
[SourceVersion "1"]
[SourceVersionDate "2024.01.31"]
[SourceQuality "1"]

1. d4 Nf6 2. c4 e6 3. g3 Nc6 4. Bg2 d5 5. Nf3 g6 6. 0-0 Bg7 7. b3 0-0 8. Bb2 b6 9. Nbd2 Bb7 10. cxd5 exd5 11. Rc1 Ne4 12. Qc2 Nxd2 13. Qxd2 Re8 14. Rc2 Ne7 15. Rfc1 c6 16. Ne5 f6 17. Nd3 Nf5 18. Nb4 Bh6 19. f4 Ne3 20. Rc3 Nxg2 21. Kxg2 Qe7 22. R3c2 g5 23. Kf2 gxf4 24. gxf4 Qe4 25. e3 Kh8 26. Qd3 Qe6 27. Nxc6 Qh3 28. Ne5 fxe5 29. dxe5 Qxh2+ 30. Ke1 Qg1+ 31. Ke2 Qg4+ 32. Kf2 d4 33. Bxd4 Qf3+ 34. Ke1 Bxf4 35. e6+ Kg8 36. Rf2 0-1

[Event "Florianopolis op 10th"]
[Site "Florianopolis"]
[Date "2024.01.22"]
[Round "4"]
[White "Szuba, Joao Gabriel Muniz"]
[Black "Benitez, Andres"]
[Result "1-0"]
[WhiteElo "1709"]
[BlackElo "1956"]
[PlyCount "159"]
[EventDate "2024.01.20"]
[EventType "swiss"]
[EventRounds "10"]
[EventCountry "BRA"]
[SourceTitle "CB05_2024"]
[SourceDate "2024.01.31"]
[SourceVersion "1"]
[SourceVersionDate "2024.01.31"]
[SourceQuality "1"]

1. d4 d5 2. c4 e6 3. Nf3 a6 4. g3 dxc4 5. a4 c5 6. Bg2 Nc6 7. e3 cxd4 8. exd4 Bb4+ 9. Bd2 Bxd2+ 10. Qxd2 Nf6 11. 0-0 0-0 12. Na3 Na5 13. Qe2 Bd7 14. Nxc4 Nxc4 15. Qxc4 Rc8 16. Qb3 Bc6 17. Rac1 Qa5 18. Ne5 Bxg2 19. Kxg2 Qd5+ 20. Qxd5 Nxd5 21. Nd7 Rfd8 22. Nc5 Rc7 23. a5 Rdc8 24. Kf3 h6 25. Ke4 Nf6+ 26. Kd3 Nd7 27. b4 Nb8 28. Ke4 Nc6 29. Nd3 f5+ 30. Ke3 Nxb4 31. Rxc7 Nd5+ 32. Kd2 Rxc7 33. Rb1 Nc3 34. Rb3 Nb5 35. Ke3 Kf7 36. f4 Ke7 37. Nc5 Kd6 38. Nd3 Rc8 39. Nc5 Rc7 40. Rb1 Kd5 41. Rd1 Nxd4 42. Nxe6 Kxe6 43. Rxd4 Rc3+ 44. Kd2 Rc5 45. Rb4 Rb5 46. Rxb5 axb5 47. Kc3 Kd5 48. Kb4 Kc6 49. h3 g6 50. g4 h5 51. gxf5 gxf5 52. h4 Kd5 53. Kxb5 Ke4 54. Kb6 Kxf4 55. Kxb7 Kg3 56. a6 f4 57. a7 f3 58. a8Q f2 59. Qg8+ Kh2 60. Qf7 Kg2 61. Qg6+ Kh2 62. Qf5 Kg2 63. Qe4+ Kg1 64. Qe3 Kg2 65. Qe2 Kg1 66. Qe3 Kg2 67. Qg5+ Kh3 68. Qf5+ Kg2 69. Qxh5 f1Q 70. Qg4+ Kh2 71. h5 Qf7+ 72. Kc6 Qf6+ 73. Kd5 Qf7+ 74. Ke4 Qe8+ 75. Kf4 Qf8+ 76. Qf5 Qb8+ 77. Qe5 Qf8+ 78. Kg4+ Kg2 79. Qg3+ Kh1 80. Qf3+ 1-0

[Event "Florianopolis op 7th"]
[Site "Florianopolis"]
[Date "2021.01.23"]
[Round "8"]
[White "Bokhonok, Tatiana dos Santos"]
[Black "Szuba, Joao Gabriel Muniz"]
[Result "1/2-1/2"]
[WhiteElo "1177"]
[BlackElo "1686"]
[PlyCount "80"]
[EventDate "2021.01.18"]
[EventType "swiss"]
[EventRounds "10"]
[EventCountry "BRA"]
[SourceTitle "CBM 200 Extra"]
[Source "ChessBase"]
[SourceDate "2021.03.31"]
[SourceVersion "1"]
[SourceVersionDate "2021.03.31"]
[SourceQuality "1"]

1. d4 Nf6 2. Bf4 d5 3. e3 c5 4. c3 Nc6 5. Nf3 Qb6 6. Qb3 c4 7. Qc2 Bf5 8. Qc1 h6 9. Nbd2 e6 10. b3 cxb3 11. axb3 Be7 12. Be2 0-0 13. 0-0 Rfc8 14. Qb2 Nh5 15. Be5 f6 16. Nh4 fxe5 17. Nxf5 exf5 18. Bxh5 f4 19. c4 fxe3 20. fxe3 Bg5 21. Rf3 exd4 22. cxd5 Bxe3+ 23. Kh1 Nb4 24. Nc4 Qd8 25. Bf7+ Kh8 26. Nxe3 dxe3 27. Rg3 Qf6 28. Qxf6 gxf6 29. Kg1 Nc2 30. Rc1 e2 31. Kf2 e1Q+ 32. Rxe1 Nxe1 33. Kxe1 Rc7 34. Be6 Rg7 35. Rf3 Rxg2 36. Rxf6 Rxh2 37. Rf7 Rb8 38. Rc7 Rh4 39. Kf2 Rd8 40. Rxb7 Rd4 1/2-1/2

[Event "Florianopolis op 7th"]
[Site "Florianopolis"]
[Date "2021.01.19"]
[Round "3"]
[White "Szuba, Joao Gabriel Muniz"]
[Black "Borges, Leonardo Hisao Hera"]
[Result "0-1"]
[WhiteElo "1686"]
[BlackElo "1925"]
[PlyCount "80"]
[EventDate "2021.01.18"]
[EventType "swiss"]
[EventRounds "10"]
[EventCountry "BRA"]
[SourceTitle "CBM 200 Extra"]
[Source "ChessBase"]
[SourceDate "2021.03.31"]
[SourceVersion "1"]
[SourceVersionDate "2021.03.31"]
[SourceQuality "1"]

1. e4 c5 2. Nf3 g6 3. d4 cxd4 4. Nxd4 Bg7 5. Nc3 Nc6 6. Be3 Nf6 7. Bc4 Qa5 8. 0-0 0-0 9. Bb3 d6 10. h3 Bd7 11. Nde2 b5 12. a3 Ne5 13. Rb1 Bc6 14. f3 a6 15. Bf2 Rfd8 16. Nd5 Nxd5 17. exd5 Bd7 18. Bd4 Rac8 19. Re1 Qc7 20. f4 Nc4 21. Bxg7 Kxg7 22. Qd4+ Kg8 23. Ng3 Re8 24. Kh2 Qc5 25. Qd3 Qf2 26. Rf1 Qa7 27. c3 Ne3 28. Rfe1 Nf5 29. Ne4 Rc7 30. Re2 a5 31. Rbe1 Qb8 32. g4 Ng7 33. Nd2 Bc8 34. a4 Ba6 35. axb5 Bxb5 36. c4 Ba6 37. Ba4 Rec8 38. b3 Kf8 39. Nf3 Rb7 40. Nd4 Rcc7 0-1

[Event "Florianopolis op 7th"]
[Site "Florianopolis"]
[Date "2021.01.19"]
[Round "2"]
[White "Szuba, Joao Gabriel Muniz"]
[Black "Cristino, Felipe Borges"]
[Result "1-0"]
[WhiteElo "1686"]
[BlackElo "1929"]
[PlyCount "89"]
[EventDate "2021.01.18"]
[EventType "swiss"]
[EventRounds "10"]
[EventCountry "BRA"]
[SourceTitle "CBM 200 Extra"]
[Source "ChessBase"]
[SourceDate "2021.03.31"]
[SourceVersion "1"]
[SourceVersionDate "2021.03.31"]
[SourceQuality "1"]

1. e4 c6 2. d4 d5 3. Nc3 dxe4 4. Nxe4 Bf5 5. Ng3 Bg6 6. h4 h6 7. Nf3 Nd7 8. h5 Bh7 9. Bd3 Bxd3 10. Qxd3 e6 11. Bd2 Ngf6 12. 0-0-0 Bd6 13. Ne4 Nxe4 14. Qxe4 Qc7 15. Kb1 0-0-0 16. c4 c5 17. Bc3 Rhe8 18. Qg4 Rg8 19. d5 exd5 20. Rxd5 Kb8 21. Rhd1 Nf6 22. Bxf6 gxf6 23. Rxd6 Qxd6 24. Rxd6 Rxg4 25. Rxd8+ Kc7 26. Rf8 Rxg2 27. Rxf7+ Kc8 28. Rxf6 Rxf2 29. Rf5 b6 30. Nh4 Rh2 31. Ng6 Kd7 32. Nf4 Kd6 33. Nd5 b5 34. Rf6+ Ke5 35. Rxh6 bxc4 36. Ne3 Ke4 37. Nxc4 Kd4 38. Na5 Rh1+ 39. Kc2 Rh2+ 40. Kb3 Rh3+ 41. Ka4 Rh2 42. Ka3 c4 43. Rh8 Rh3+ 44. Kb4 Kd5 45. Nxc4 1-0

[Event "Florianopolis op 7th"]
[Site "Florianopolis"]
[Date "2021.01.18"]
[Round "1"]
[White "De Carvalho, Amauri"]
[Black "Szuba, Joao Gabriel Muniz"]
[Result "0-1"]
[WhiteElo "1223"]
[BlackElo "1686"]
[PlyCount "133"]
[EventDate "2021.01.18"]
[EventType "swiss"]
[EventRounds "10"]
[EventCountry "BRA"]
[SourceTitle "CBM 200 Extra"]
[Source "ChessBase"]
[SourceDate "2021.03.31"]
[SourceVersion "1"]
[SourceVersionDate "2021.03.31"]
[SourceQuality "1"]

1. c4 e6 2. Nc3 d5 3. cxd5 exd5 4. d4 Nf6 5. g3 c6 6. Bg2 Be7 7. Nf3 0-0 8. 0-0 Re8 9. a3 Bf5 10. Nh4 Bg4 11. h3 Bh5 12. Bg5 Nbd7 13. g4 Ne4 14. Nxe4 dxe4 15. Bxe7 Qxe7 16. Nf5 Qf6 17. Ng3 Bg6 18. e3 Nb6 19. Rc1 Nd5 20. Qc2 Qh4 21. Kh2 h5 22. Nxh5 Bxh5 23. gxh5 f5 24. Qe2 Nf6 25. Rc5 f4 26. exf4 Qxf4+ 27. Kg1 Qd6 28. Rd1 Nd5 29. Bxe4 Nf6 30. Qc4+ Kh8 31. Bg6 Rf8 32. Re5 Nd5 33. Qe2 Qf6 34. Rf5 Qd6 35. Qg4 Ne7 36. Re5 Qf6 37. Qe2 Nxg6 38. hxg6 Qxg6+ 39. Qg4 Qf6 40. Qg3 Rad8 41. Rh5+ Kg8 42. Qh4 Qxh4 43. Rxh4 Rf5 44. Rd3 Rfd5 45. b4 b6 46. Kf1 c5 47. b5 c4 48. Rc3 Rxd4 49. Rxd4 Rxd4 50. Ke2 Kf7 51. Ke3 Rh4 52. f4 Rxh3+ 53. Kd4 Rxc3 54. Kxc3 Kf6 55. Kxc4 Kf5 56. Kd5 Kxf4 57. Kc6 g5 58. Kb7 g4 59. Kxa7 g3 60. Kxb6 g2 61. Ka5 g1Q 62. b6 Qc5+ 63. Ka6 Qxa3+ 64. Kb5 Qf8 65. Kc6 Qb8 66. b7 Ke5 67. Kb6 0-1

[Event "Florianopolis op 5th"]
[Site "Florianopolis"]
[Date "2019.01.27"]
[Round "10"]
[White "Szuba, Joao Gabriel Muniz"]
[Black "Vieira, Jose Renato Braga S"]
[Result "1/2-1/2"]
[WhiteElo "1659"]
[BlackElo "1902"]
[PlyCount "66"]
[EventDate "2019.01.21"]
[EventType "swiss"]
[EventRounds "10"]
[EventCountry "BRA"]
[SourceTitle "EXT 2020"]
[Source "ChessBase"]
[SourceDate "2019.10.17"]
[SourceVersion "1"]
[SourceVersionDate "2019.10.17"]
[SourceQuality "1"]

1. e4 c5 2. Nf3 d6 3. Bb5+ Nd7 4. 0-0 Ngf6 5. Re1 a6 6. Bf1 e6 7. c3 Be7 8. d4 0-0 9. dxc5 Nxc5 10. e5 dxe5 11. Nxe5 Ncd7 12. Bf4 Nxe5 13. Bxe5 Qb6 14. Qc2 Ng4 15. Bg3 Bd6 16. Bxd6 Qxd6 17. g3 Bd7 18. Bg2 Bc6 19. Nd2 Qc5 20. Nb3 Qh5 21. h3 Ne5 22. Nd4 Bxg2 23. Kxg2 Rfd8 24. Qe2 Qxe2 25. Rxe2 Nc4 26. f4 b5 27. a4 Kf8 28. axb5 axb5 29. Rxa8 Rxa8 30. Nxb5 Rb8 31. Nd4 Nxb2 32. Kf3 Na4 33. Rc2 Rc8 1/2-1/2

[Event "Florianopolis op 5th"]
[Site "Florianopolis"]
[Date "2019.01.23"]
[Round "4"]
[White "Szuba, Joao Gabriel Muniz"]
[Black "Oliveira, Debora Goncalves"]
[Result "1/2-1/2"]
[WhiteElo "1659"]
[BlackElo "1332"]
[PlyCount "68"]
[EventDate "2019.01.21"]
[EventType "swiss"]
[EventRounds "10"]
[EventCountry "BRA"]
[SourceTitle "CBM 188 Extra"]
[Source "ChessBase"]
[SourceDate "2019.02.26"]
[SourceVersion "1"]
[SourceVersionDate "2019.02.26"]
[SourceQuality "1"]

1. e4 e6 2. d3 c5 3. Nf3 g6 4. g3 Bg7 5. Bg2 Nc6 6. 0-0 Nge7 7. Re1 0-0 8. Nbd2 d6 9. c3 e5 10. a4 h6 11. Nc4 Be6 12. Qc2 f5 13. exf5 gxf5 14. Rb1 Ng6 15. b4 b6 16. b5 Bxc4 17. dxc4 Na5 18. Nd2 Rc8 19. Nb3 Nxb3 20. Qxb3 f4 21. Qc2 Qf6 22. Be4 Kh7 23. gxf4 exf4 24. Bxf4 Qxf4 25. Bxg6+ Kh8 26. Be4 Be5 27. f3 Rg8+ 28. Kh1 Rg5 29. Bd5 Rh5 30. Re2 Rc7 31. Rg1 Rg7 32. Rxg7 Kxg7 33. Rg2+ Rg5 34. Rxg5+ hxg5 1/2-1/2

[Event "Parana-ch"]
[Site "Curitiba"]
[Date "2018.11.23"]
[Round "3"]
[White "Szuba, Joao Gabriel Muniz"]
[Black "Rogoski, Joao Vitor Ximenes"]
[Result "1-0"]
[WhiteElo "1661"]
[BlackElo "1800"]
[PlyCount "129"]
[EventDate "2018.11.22"]
[EventType "swiss"]
[EventRounds "7"]
[EventCountry "BRA"]
[SourceTitle "CBM 187 Extra"]
[Source "ChessBase"]
[SourceDate "2018.11.04"]
[SourceVersion "1"]
[SourceVersionDate "2018.11.04"]
[SourceQuality "1"]

1. e4 e6 2. d4 d5 3. Nd2 Nf6 4. e5 Nfd7 5. Bd3 c5 6. c3 a6 7. Ne2 g6 8. Nf3 Bg7 9. 0-0 b5 10. a3 Nc6 11. Be3 cxd4 12. cxd4 0-0 13. Ng5 h6 14. Nh3 b4 15. f4 bxa3 16. bxa3 Ne7 17. g4 Nb6 18. Rc1 Bd7 19. Ng3 a5 20. f5 exf5 21. gxf5 Nxf5 22. Nxf5 Bxf5 23. Bxf5 gxf5 24. Qh5 Nc4 25. Bxh6 Bxh6 26. Qxh6 Qb6 27. Qxb6 Nxb6 28. Rxf5 Rfc8 29. Rcf1 Rc7 30. Ng5 Raa7 31. R1f3 Nc4 32. Rg3 Kf8 33. Nh7+ Ke8 34. Nf6+ Ke7 35. Nxd5+ Ke6 36. Nxc7+ Kxf5 37. Nb5 Rb7 38. a4 Ke6 39. h4 f6 40. Rg6 Kf7 41. Rxf6+ Kg7 42. Ra6 Ne3 43. Rxa5 Kg6 44. Ra7 Rb6 45. Kf2 Nf5 46. Kf3 Nxh4+ 47. Ke4 Nf5 48. Kd5 Ne3+ 49. Kc5 Re6 50. Rc7 Kf5 51. Rc6 Rxc6+ 52. Kxc6 Ke6 53. a5 Nd5 54. Nc7+ Nxc7 55. Kxc7 Ke7 56. a6 Ke6 57. a7 Ke7 58. a8Q Ke6 59. Qc6+ Ke7 60. Qd6+ Ke8 61. Qd7+ Kf8 62. Kd6 Kg8 63. Ke6 Kh8 64. Kf6 Kg8 65. Qg7# 1-0

[Event "Florianopolis Regional STD op"]
[Site "Florianopolis"]
[Date "2018.10.14"]
[Round "5"]
[White "Szuba, Joao Gabriel Muniz"]
[Black "Nunes, Jose Manoel Cruz Pe"]
[Result "1-0"]
[WhiteElo "1678"]
[BlackElo "1648"]
[PlyCount "61"]
[EventDate "2018.10.12"]
[EventType "swiss"]
[EventRounds "6"]
[EventCountry "BRA"]
[SourceTitle "CBM 186 Extra"]
[Source "ChessBase"]
[SourceDate "2018.08.24"]
[SourceVersion "1"]
[SourceVersionDate "2018.08.24"]
[SourceQuality "1"]

1. e4 e5 2. Nf3 Nc6 3. Bb5 Nf6 4. 0-0 Nxe4 5. Re1 Nd6 6. Nxe5 Be7 7. Bf1 0-0 8. d4 Nf5 9. d5 Nxe5 10. Rxe5 d6 11. Re1 Bf6 12. c3 Re8 13. Nd2 Rxe1 14. Qxe1 Qe7 15. Ne4 Bd7 16. Nxf6+ Qxf6 17. Bf4 Nh4 18. Qd2 h6 19. Re1 g5 20. Be3 Nf5 21. Bd4 Nxd4 22. cxd4 Kf8 23. Rc1 Qd8 24. Qc3 Rc8 25. Qa5 a6 26. a4 c6 27. Qb4 Qc7 28. dxc6 bxc6 29. Bxa6 c5 30. dxc5 dxc5 31. Bxc8 1-0

[Event "Blumenau STD op"]
[Site "Blumenau"]
[Date "2018.09.30"]
[Round "5"]
[White "Campagnolo, Fabiola"]
[Black "Szuba, Joao Gabriel Muniz"]
[Result "1-0"]
[WhiteElo "1854"]
[BlackElo "1620"]
[PlyCount "65"]
[EventDate "2018.09.28"]
[EventType "swiss"]
[EventRounds "6"]
[EventCountry "BRA"]
[SourceTitle "EXT 2020"]
[Source "ChessBase"]
[SourceDate "2019.10.17"]
[SourceVersion "1"]
[SourceVersionDate "2019.10.17"]
[SourceQuality "1"]

1. e4 e5 2. Nf3 Nc6 3. d4 exd4 4. Nxd4 Nf6 5. f3 Bc5 6. Be3 Bb6 7. Nc3 d5 8. exd5 Nxd5 9. Nxc6 bxc6 10. Nxd5 Qxd5 11. Qxd5 cxd5 12. Bf4 0-0 13. 0-0-0 Be6 14. Bb5 c6 15. Rhe1 Ba5 16. Re2 Rac8 17. Bd6 Rfd8 18. Be7 Rb8 19. Bxd8 Bxd8 20. Ba4 Bf6 21. b3 Bg5+ 22. Kb1 g6 23. g3 h5 24. h4 Bf6 25. Bxc6 d4 26. Be4 a5 27. Bxg6 Bxb3 28. axb3 fxg6 29. Re6 Kf7 30. Rc6 Rb5 31. Re1 a4 32. Rc7+ Kf8 33. Re6 1-0

[Event "Sao Bento do Sul op 08"]
[Site "Sao Bento do Sul"]
[Date "2018.08.25"]
[Round "4"]
[White "Fischer Junior, Donaldo"]
[Black "Szuba, Joao Gabriel Muniz"]
[Result "1/2-1/2"]
[WhiteElo "1883"]
[BlackElo "1531"]
[PlyCount "73"]
[EventDate "2018.08.24"]
[EventType "swiss"]
[EventRounds "6"]
[EventCountry "BRA"]
[SourceTitle "EXT 2021"]
[Source "ChessBase"]
[SourceDate "2020.10.23"]
[SourceVersion "1"]
[SourceVersionDate "2020.10.23"]
[SourceQuality "1"]

1. e4 e5 2. Nf3 Nc6 3. d4 exd4 4. Nxd4 Nf6 5. Bg5 h6 6. Nxc6 bxc6 7. Bxf6 Qxf6 8. c3 Bc5 9. Qc2 0-0 10. Bd3 Re8 11. 0-0 d5 12. Nd2 Rb8 13. Nb3 Bd6 14. f3 h5 15. Qf2 h4 16. Rfd1 dxe4 17. Bxe4 Rxe4 18. Rxd6 cxd6 19. fxe4 Qxf2+ 20. Kxf2 Be6 21. Kf3 Bxb3 22. axb3 Rxb3 23. Rxa7 Rxb2 24. Ra6 d5 25. exd5 cxd5 26. Rd6 h3 27. gxh3 Rxh2 28. Kg3 Rc2 29. Rxd5 Rxc3+ 30. Kg4 g6 31. h4 Kg7 32. Rd7 Rc4+ 33. Kg5 Rc5+ 34. Kg4 Rf5 35. Ra7 Re5 36. Kf4 Kf6 37. Rxf7+ 1/2-1/2

[Event "Sao Bento do Sul op 08"]
[Site "Sao Bento do Sul"]
[Date "2018.08.25"]
[Round "2"]
[White "Silva, Janderson Rossi Da"]
[Black "Szuba, Joao Gabriel Muniz"]
[Result "1-0"]
[WhiteElo "1879"]
[BlackElo "1531"]
[PlyCount "59"]
[EventDate "2018.08.24"]
[EventType "swiss"]
[EventRounds "6"]
[EventCountry "BRA"]
[SourceTitle "EXT 2021"]
[Source "ChessBase"]
[SourceDate "2020.10.23"]
[SourceVersion "1"]
[SourceVersionDate "2020.10.23"]
[SourceQuality "1"]

1. e4 e5 2. Nf3 Nc6 3. d4 exd4 4. Nxd4 Nf6 5. Nc3 Bb4 6. Nxc6 bxc6 7. Bd3 0-0 8. 0-0 d5 9. exd5 cxd5 10. Bg5 c6 11. Qf3 Be7 12. h3 h6 13. Bh4 Rb8 14. b3 Be6 15. Ne2 c5 16. Nf4 Rb6 17. Rae1 Qc8 18. Nxe6 fxe6 19. Qe2 Bd8 20. c4 Bc7 21. f4 d4 22. Bb1 Qb8 23. g3 e5 24. fxe5 Re6 25. Bxf6 Rfxf6 26. exf6 Rxe2 27. f7+ Kf8 28. Rxe2 Be5 29. Rf5 g6 30. Rfxe5 1-0

[Event "Caioba Telecom op"]
[Site "Caioba"]
[Date "2018.08.05"]
[Round "9"]
[White "Szuba, Joao Gabriel Muniz"]
[Black "Boabaid, Jorge Alberto Duard"]
[Result "0-1"]
[WhiteElo "1531"]
[BlackElo "1819"]
[PlyCount "88"]
[EventDate "2018.08.01"]
[EventType "swiss"]
[EventRounds "9"]
[EventCountry "BRA"]
[SourceTitle "CBM 186 Extra"]
[Source "ChessBase"]
[SourceDate "2018.08.24"]
[SourceVersion "1"]
[SourceVersionDate "2018.08.24"]
[SourceQuality "1"]

1. e4 e5 2. Nf3 Nc6 3. Bb5 a6 4. Ba4 Nf6 5. d3 Bc5 6. 0-0 d6 7. c3 0-0 8. Nbd2 Bg4 9. h3 Bh5 10. Re1 b5 11. Bb3 Na5 12. Bc2 Ba7 13. Nf1 Nd7 14. Ng3 Bg6 15. Be3 c5 16. a4 b4 17. cxb4 cxb4 18. Bxa7 Rxa7 19. d4 Qb6 20. dxe5 Nxe5 21. Nxe5 dxe5 22. Bb3 Rd8 23. Qf3 Rd2 24. Re2 Nxb3 25. Qxb3 Rxe2 26. Nxe2 Bxe4 27. Rc1 h6 28. Rc4 Qe6 29. Rxb4 Bd5 30. Qe3 Rc7 31. Nc3 Bb7 32. Qb6 Qe7 33. Ne4 Rc1+ 34. Kh2 Rc7 35. Nc5 Bxg2 36. Nxa6 Rb7 37. Qa5 Bf3 38. Rxb7 Qxb7 39. Qb5 Qe7 40. Nc5 Qg5 41. Qf1 Qf4+ 42. Kg1 Bd5 43. Qd1 Qg5+ 44. Kf1 Bc4+ 0-1

[Event "Caioba Telecom op"]
[Site "Caioba"]
[Date "2018.08.03"]
[Round "5"]
[White "Szuba, Joao Gabriel Muniz"]
[Black "Moyses Sobrinho, Elias"]
[Result "0-1"]
[WhiteElo "1531"]
[BlackElo "1914"]
[PlyCount "76"]
[EventDate "2018.08.01"]
[EventType "swiss"]
[EventRounds "9"]
[EventCountry "BRA"]
[SourceTitle "CBM 186 Extra"]
[Source "ChessBase"]
[SourceDate "2018.08.24"]
[SourceVersion "1"]
[SourceVersionDate "2018.08.24"]
[SourceQuality "1"]

1. e4 Nf6 2. e5 Nd5 3. Nc3 Nxc3 4. dxc3 d5 5. Nf3 e6 6. Bf4 c5 7. Qd2 Qa5 8. Be2 Nc6 9. h4 h6 10. a3 Bd7 11. 0-0-0 0-0-0 12. Kb1 c4 13. h5 Qb6 14. Be3 Bc5 15. Bxc5 Qxc5 16. Qf4 Qxf2 17. Bf1 Be8 18. Rd2 Qb6 19. g4 Qc7 20. Bh3 f6 21. Re1 fxe5 22. Nxe5 Nxe5 23. Qxe5 Qxe5 24. Rxe5 Bd7 25. g5 hxg5 26. Rxg5 Rdf8 27. Re2 Rf6 28. Bg4 Rh7 29. Rge5 Rhh6 30. Rg5 g6 31. Rge5 gxh5 32. Bxh5 Kc7 33. Kc1 Rf1+ 34. Kd2 Rb1 35. Bg4 Kd6 36. b4 cxb3 37. cxb3 Rxb3 38. a4 Rb2+ 0-1

[Event "BRA-ch U16"]
[Site "Sao Paulo"]
[Date "2018.03.31"]
[Round "4"]
[White "Hopka, Matheus Marchesi"]
[Black "Szuba, Joao Gabriel Muniz"]
[Result "1-0"]
[WhiteElo "1739"]
[BlackElo "1523"]
[PlyCount "41"]
[EventDate "2018.03.29"]
[EventType "swiss"]
[EventRounds "6"]
[EventCountry "BRA"]
[SourceTitle "EXT 2019"]
[Source "ChessBase"]
[SourceDate "2018.10.10"]
[SourceVersion "1"]
[SourceVersionDate "2018.10.10"]
[SourceQuality "1"]

1. f4 Nf6 2. Nf3 g6 3. b3 Bg7 4. Bb2 0-0 5. e3 d6 6. Be2 c5 7. 0-0 Nc6 8. Qe1 a6 9. Qh4 b5 10. h3 Nb4 11. Na3 h5 12. Ng5 Nd7 13. Bxg7 Kxg7 14. Bf3 Rb8 15. c3 Nd3 16. Be4 Qa5 17. Bxd3 Qxa3 18. f5 Nf6 19. fxg6 fxg6 20. Qg3 Kh6 21. Nf7+ 1-0

[Event "BRA-ch U16"]
[Site "Sao Paulo"]
[Date "2018.03.30"]
[Round "3"]
[White "Szuba, Joao Gabriel Muniz"]
[Black "Haruna, Luiz Hirokazu Andra"]
[Result "1-0"]
[WhiteElo "1523"]
[BlackElo "1378"]
[PlyCount "41"]
[EventDate "2018.03.29"]
[EventType "swiss"]
[EventRounds "6"]
[EventCountry "BRA"]
[SourceTitle "EXT 2019"]
[Source "ChessBase"]
[SourceDate "2018.10.10"]
[SourceVersion "1"]
[SourceVersionDate "2018.10.10"]
[SourceQuality "1"]

1. e4 c6 2. d4 d5 3. exd5 cxd5 4. Bd3 Nc6 5. c3 Qc7 6. Nf3 Bg4 7. h3 Bh5 8. Be3 Nf6 9. Nbd2 e6 10. Qa4 Bd6 11. Bb5 0-0 12. 0-0 a6 13. Bd3 b5 14. Qc2 Nb4 15. cxb4 Qxc2 16. Bxc2 Bxb4 17. a3 Bd6 18. Rfc1 Nd7 19. g4 Bg6 20. Bxg6 hxg6 21. Rc6 1-0

[Event "BRA-ch U16"]
[Site "Sao Paulo"]
[Date "2018.03.29"]
[Round "1"]
[White "Szuba, Joao Gabriel Muniz"]
[Black "Bonvini, Alberto Tonhati"]
[Result "1/2-1/2"]
[WhiteElo "1523"]
[BlackElo "1948"]
[PlyCount "121"]
[EventDate "2018.03.29"]
[EventType "swiss"]
[EventRounds "6"]
[EventCountry "BRA"]
[SourceTitle "EXT 2019"]
[Source "ChessBase"]
[SourceDate "2018.10.10"]
[SourceVersion "1"]
[SourceVersionDate "2018.10.10"]
[SourceQuality "1"]

1. e4 e5 2. Nf3 Nc6 3. Bb5 a6 4. Ba4 Nf6 5. d3 b5 6. Bb3 Be7 7. 0-0 d6 8. c3 0-0 9. Nbd2 Na5 10. Bc2 c5 11. a4 Bb7 12. Re1 Re8 13. Nf1 h6 14. Ng3 Bf8 15. d4 Nc6 16. d5 Ne7 17. Qe2 Qd7 18. h3 Ng6 19. Nf5 Nf4 20. Bxf4 exf4 21. Qd2 Nh5 22. e5 dxe5 23. Nxe5 Qxd5 24. Qxd5 Bxd5 25. axb5 axb5 26. Rad1 Be6 27. Nd6 Bxd6 28. Rxd6 Ra2 29. Ng6 Rxb2 30. Bf5 Nf6 31. Bxe6 fxe6 32. Nxf4 e5 33. Nd5 Kf7 34. Nxf6 gxf6 35. Rc6 c4 36. Ra1 Rb3 37. Ra5 Re6 38. Ra7+ Re7 39. Ra5 Kg6 40. Rb6 Rxc3 41. Rbxb5 Kf5 42. Rc5 Rc1+ 43. Kh2 Ke4 44. Rc6 Rf7 45. f3+ Kd4 46. Rc8 Rg7 47. Rd8+ Kc3 48. g4 h5 49. Rc5 Rc2+ 50. Kg3 Rh7 51. gxh5 Rxh5 52. h4 Rh7 53. Kg4 Rc1 54. Rdc8 Kd4 55. Kf5 Rxh4 56. Kxf6 e4 57. fxe4 Rxe4 58. R5c6 Re2 59. Rd8+ Kc3 60. Rxc4+ Kxc4 61. Rc8+ 1/2-1/2

[Event "Caioba Telecom op"]
[Site "Caioba"]
[Date "2017.10.01"]
[Round "8"]
[White "Moretto, Leticia Soares"]
[Black "Szuba, Joao Gabriel Muniz"]
[Result "1-0"]
[WhiteElo "1264"]
[BlackElo "1483"]
[PlyCount "119"]
[EventDate "2017.09.28"]
[EventType "swiss"]
[EventRounds "8"]
[EventCountry "BRA"]
[SourceTitle "EXT 2020"]
[Source "ChessBase"]
[SourceDate "2019.10.17"]
[SourceVersion "1"]
[SourceVersionDate "2019.10.17"]
[SourceQuality "1"]

1. d4 Nf6 2. c4 e6 3. Nc3 Bb4 4. e3 0-0 5. Nf3 d5 6. cxd5 exd5 7. Bd2 c6 8. Bd3 Nbd7 9. 0-0 Re8 10. Ne2 Bd6 11. Ng3 Nf8 12. Re1 Ng6 13. e4 Bxg3 14. e5 Bxh2+ 15. Nxh2 Nd7 16. Nf3 Ndf8 17. Rc1 Bg4 18. Be2 Ne6 19. Bc3 Ngf4 20. Qd2 Nxe2+ 21. Qxe2 Ng5 22. Qe3 Bxf3 23. gxf3 Ne6 24. Kf1 Qg5 25. Ke2 Qxe3+ 26. fxe3 a5 27. f4 Kf8 28. a3 Ke7 29. b4 Kd7 30. bxa5 Nc7 31. Rb1 Nb5 32. Bb4 Kc7 33. a4 Na7 34. Bd6+ Kd8 35. Rxb7 Nc8 36. Bb4 Ra7 37. Rxa7 Nxa7 38. Bc5 Nc8 39. Rb1 h5 40. Kf2 g5 41. fxg5 Rg8 42. Kg3 Rxg5+ 43. Kh4 Rg2 44. Kxh5 Ra2 45. Rb4 Ra3 46. a6 Rxe3 47. a7 Nxa7 48. Bxa7 Ra3 49. Bb6+ Kc8 50. a5 Kb7 51. Kg5 Rg3+ 52. Kf6 Rf3+ 53. Ke7 f5 54. exf6 Re3+ 55. Kf8 Re1 56. a6+ Kxa6 57. Bc5 Re2 58. Rb6+ Ka5 59. Rxc6 Kb5 60. Rc7 1-0

[Event "Caioba Telecom op"]
[Site "Caioba"]
[Date "2017.10.01"]
[Round "7"]
[White "Szuba, Joao Gabriel Muniz"]
[Black "Lunelli, Neuri Antonio"]
[Result "0-1"]
[WhiteElo "1483"]
[BlackElo "1810"]
[PlyCount "71"]
[EventDate "2017.09.28"]
[EventType "swiss"]
[EventRounds "8"]
[EventCountry "BRA"]
[SourceTitle "EXT 2020"]
[Source "ChessBase"]
[SourceDate "2019.10.17"]
[SourceVersion "1"]
[SourceVersionDate "2019.10.17"]
[SourceQuality "1"]

1. e4 c6 2. d4 d5 3. Nc3 dxe4 4. Nxe4 Nd7 5. Nf3 Ngf6 6. Ng3 e6 7. Bd3 c5 8. c3 cxd4 9. cxd4 Bd6 10. Bg5 h6 11. Ne4 Bb4+ 12. Bd2 Bxd2+ 13. Nexd2 0-0 14. 0-0 Nb6 15. Re1 Nbd5 16. Rc1 b6 17. Nb1 Bb7 18. Nc3 Rc8 19. Qd2 a6 20. Ne5 Nb4 21. Bb1 Qd6 22. a3 Nc6 23. Rcd1 Ne7 24. Ba2 Rfd8 25. Nxf7 Kxf7 26. Rxe6 Qxe6 27. Bxe6+ Kxe6 28. Qe2+ Kf7 29. f3 Rd6 30. Ne4 Re6 31. Qf2 Bxe4 32. fxe4 Rxe4 33. h3 Ned5 34. Qf5 Re3 35. Rf1 Kg8 36. Kh2 0-1